| 000 | 02564nam0a22004451 4500 | ||
|---|---|---|---|
| 001 | v19\rc\2007630 | ||
| 005 | 20251118181421.0 | ||
| 035 | _a(NLR Aleph) 005090148 | ||
| 090 |
_a7288311 _c7288311 |
||
| 100 | _a20080811d1915 |||y0rusy50 ca | ||
| 101 | 0 | _arus | |
| 102 | _aRU | ||
| 105 | _aac z |||a| | ||
| 135 | _acrmn mmmanaba | ||
| 200 | 1 |
_aВолшебные сказки наших дней _eПовести и рассказы из жизни Южно-Амер. материка _fМ.Д. Ордынцев-Кострицкий _gОбл. и рис. худож. С.Ф. Плошинского |
|
| 210 |
_aПетроград _cТ-во А.С. Суворина "Новое время" _d1915 |
||
| 215 |
_a313 с., 1 л. фронт. (портр.), 10 л. ил. _d21 |
||
| 300 | _aНа обл. авт.: М.Д. Ордынцев | ||
| 316 |
_aЭкз. РНБ (130/5682): деф.: отсутствует 1 л. ил. _5NLR: 130/5682 |
||
| 325 | 1 | _aКопия доступна в электронной библиотеке РНБ | |
| 327 | 1 | _aСодерж.: Сан-Блас; Приворотное зелье; Фазенда Донны Мануэлы; "Гарпагон" из Коретибы; Цветок Раффлезии; Смеющийся камень; Per aspera ad astra | |
| 464 | 0 | _12001#$aСан-Блас$aПриворотное зелье$aФазенда Донны Мануэлы$a"Гарпагон" из Коретибы$aЦветок Раффлезии$aСмеющийся камень$aPer aspera ad astra | |
| 700 | 1 |
_6z01790 _aКострицкий _bМ. Д. _f1887-1941 _gМихаил Дмитриевич |
|
| 702 | 1 |
_aПлошинский _bС. Ф. _gСергей Федорович _4440 |
|
| 790 | 1 |
_6z01700 _aОрдынцев _bМ. Д. _f1887-1941 |
|
| 801 | 0 |
_aRU _bNLR _gpsbo |
|
| 801 | 0 |
_aRU _bRuMoRGB _2psbo |
|
| 801 | 1 |
_aRU _bProSoft-M _2rusmarc |
|
| 852 |
_aNLR _j37.65.6.19 |
||
| 852 |
_aNLR _j130/5682 |
||
| 856 | 0 | _uhttp://vivaldi.nlr.ru/bx000073598/view | |
| 856 | 1 | _uhttp://vivaldi.nlr.ru/bx000073598/cover | |
| 856 | 2 | _uhttp://vivaldi.nlr.ru/bx000073598/text | |
| 899 |
_aRuMoRGB _jV 54/384 |
||
| 899 | _aБАН | ||
| 901 | _eКнижные издания | ||
| 942 | _cBOOK | ||
| 980 | _aNB | ||
| 981 | 2 | 2 |
_a(22) Материалы по истории России _b(22) История России до 25 октября (7 ноября) 1917 года _bКультура. Наука. Просвещение. |